00781nam a22002297a 4500003000900000005001700009008004100026040003300067041000800100080001000108100001700118245013600135260004900271300001700320490001100337650002300348650013600371650001100507650001100518650000900529650001300538LK-CoDNM20241218145945.0241218b |||||||| |||| 00| 0 eng d aLK-CoDNMdLK-CoDNMeLK-CoDNM aeng a2bC6 aHozawa,Sanji aReport on the calcareous sponges collected during 1906 by the united states fisheries steamer albatross in the northwestern pacific agoverment printing officebwashington c1918 a31p. : 24 cm aVol 54 aANNANDALE , NELSON aReport on the calcareous sponges collected during 1906 by the united states fisheries steamer albatross in the northwestern pacific a2 c 6  avol 54 a1918 ascience